00773nam a22002057a 450000100060000000300080000600500170001400800410003103500190007204000350009104100080012608200240013410000230015824501120018126000800029330000380037350200860041165000370049770000330053483776BD-RjUL20240519180732.0240519s2007 bg a|||| m||| 00| 0 eng d a(BD-RjUL)83776 aBD-RjULbengcBD-RjULdBD-RjUL aeng 223a595.7bSAT 2007 aSana, Bijan Behari10aTaxonomy and ecological aspects of aquatic insects / cBy Bijan, Behari Sana ;6Supervisor : Md. Sohrab Ali aRajshahi :bInstitute of Biological Sciences, University of Rajshahi,c2007 axiv, 283 leaves :bill, ;c29.cm. aThesis (Ph. D.) -- Institute of Biological Sciences, University of Rajshahi, 2007 aInsectsxTaxonomy and ecological aAli, Md. Sohrab, Supervisor